El ocho

محفوظ في:
التفاصيل البيبلوغرافية
المؤلف الرئيسي: Neville, Katherine
التنسيق: غير معروف
اللغة:Spanish
منشور في: Barcelona, España Ediciones B. 1994
الموضوعات:
الوسوم: إضافة وسم
لا توجد وسوم, كن أول من يضع وسما على هذه التسجيلة!

MARC

LEADER 00000 a2200000 4500
008 190503b ||||| |||| 00| 0 spa d
999 |c 30701  |d 30701 
040 |a cru BVZT  
090 |a 810 N-5o v.1 
100 |a Neville, Katherine  
245 |a El ocho  |c Katherine Neville ; Susana Constante, traductor 
260 |a Barcelona, España  |b Ediciones B.  |c 1994 
300 |a 431 páginas, v.1 
650 0 |9 25  |a LITERATURA ESTADOUNIDENSE 
650 0 |9 13  |a NOVELA 
942 |c 15 D  |h 810 N-5o v.1  |2 z